000 00393nam a22000977a 4500
008 160606b xxu||||| |||| 00| 0 eng d
100 _aGottsmich, Severin
245 _aCSR revenue and railway stamps
_bCSR Stempel- und Eisenbahnmarken
260 _aIcking, Germany
_bORA Verlag
_c1976
650 _aCzechoslovakia (1918-1992) | Revenues | Railway Stamps | Cinderella Material | Catalogs and Price Lists
999 _c2052
_d2052